|
|
|
|
| LEADER |
00000nam a2200000 a 4500 |
| 001 |
vtls011604891 |
| 003 |
SK-MaSNL |
| 005 |
20260302085450.0 |
| 008 |
251112 1787 gw 000 0 fre |
| 015 |
|
|
|a SNBHFA1787
|
| 020 |
|
|
|q (viaz.)
|
| 035 |
|
|
|a 7DB25EC6-D2B4-4C22-AAB7-1A69D58A3EF5
|
| 035 |
|
|
|a urn:nbn:sk:snk-am3h9y9
|
| 035 |
|
|
|a urn:nbn:sk:snk-am00cr98
|
| 040 |
|
|
|a SNKHF
|b slo
|c SNK
|e AACR2
|
| 041 |
0 |
|
|a fre
|
| 044 |
|
|
|a gw
|c DE
|
| 072 |
|
7 |
|a 8
|x Literatúra
|2 konspekt
|
| 072 |
|
7 |
|a 93/94
|x Dejiny
|2 konspekt
|
| 080 |
|
|
|a 821.1333.1
|2 2011
|
| 080 |
|
|
|a 94(44)
|2 2011
|
| 080 |
|
|
|a (049)
|2 2011
|
| 080 |
|
|
|a (0:82-4)
|2 2011
|
| 100 |
1 |
|
|a Hertzberg, Ewald Fridrich von,
|d 1725-1795
|4 aut
|9 373177
|
| 245 |
1 |
0 |
|a Huit Dissertations Que M. Le Comte De Hertzberg, Ministre d'État, Membre & actuellement Curateur de l'Académie de Berlin, a lues dans les assemblées publiques de l' Académie Royale des Sciences et Belles-Lettres de Berlin, Tenues Pour L'Anniversaire Du Roi Frédéric II Dans Les Années 1780-1787
|
| 260 |
|
|
|a Berlin
|b Chez George Jacques Decker & Fils
|c 1787
|
| 300 |
|
|
|a [4], 316 s.
|b Frontispice
|c 20 cm
|
| 500 |
|
|
|a Frontispice: portrétna medirytina autora diela signovaná: D. Berger Sculp. 1787
|
| 501 |
|
|
|a Príväzok 1.: HERTZBERG, Ewald Fridrich von. Mémoire Historique De La Premiére Année Du Régne De Frédéric Guillaume II. Roi De Prusse. B.m: b.t.,1787.
|5 SNK IC 62397
|
| 501 |
|
|
|a Príväzok 2.: HERTZBERG, Ewald Fridrich von. Mémoire Sur Le Vrai Caractére D'Une Bonne Histoire, Et Sur La Seconde Anée Du Régne De Frédéric Guillaume II. Roi De Prusse. B.m: b.t.,1788.
|5 SNK IC 62397
|
| 501 |
|
|
|a Príväzok 3.: HERTZBERG, Ewald Fridrich von. Discours gui a été lu dans l'assemblée publique de l'Académie des Sciences de Berlin le 25. Sept 1788, Au Jour De Naissance Du Roi. B.m: b.t.,1788.
|5 SNK IC 62397
|
| 504 |
|
|
|a Poznámky pod textom
|
| 561 |
|
|
|a Okrúhla pečiatka: Museálna Slovenská spoločnosť.
|5 SNK IC 62397
|
| 650 |
0 |
7 |
|a francúzska literatúra
|2 SNKPH
|9 1186
|
| 650 |
0 |
7 |
|a dejiny
|2 SNKPH
|9 3825
|
| 655 |
|
7 |
|a rozpravy
|2 SNKPH
|9 70559
|
| 700 |
1 |
|
|a Kmeť, Andrej,
|d 1841-1908
|4 fmo
|9 191981
|
| 700 |
1 |
|
|a Berger, Daniel,
|d 1744-1824
|4 ill
|9 500828
|
| 700 |
1 |
|
|a Frederick
|b II.
|c pruský kráľ,
|d 1712-1786
|4 hnr
|9 492585
|
| 710 |
0 |
|
|a Decker, George Jacques & Fils (Berlín, Nemecko)
|4 prt
|9 755765
|
| 752 |
|
|
|a Nemecko
|d Berlín
|
| 852 |
|
|
|a snk
|b Historické fondy
|p IC 62397
|
| 958 |
|
|
|a ONDV
|
| 999 |
|
|
|c 1192299
|d 1194229
|
| 952 |
|
|
|t Kme 35
|a SNK
|b SNK
|c SNK_HF
|y PREZ
|7 0
|p 17A1129859
|o snkIC 62397
|i snk3924/1975
|8 5
|0 0
|1 0
|4 0
|d 2017-01-18
|f 1
|l 0
|r 2026-02-24 22:15:47
|w 2026-02-24
|